02899aam a2200445 i 4500999001700000001001300017003000600030005001700036008004100053016001800094020001800112020001500130020001800145020001500163035002400178035002100202040012100223082002000344100002300364245006600387264002800453300004600481336002600527337002800553338002700581504006700608505052400675520066201199650005101861650003301912650005301945650007101998650005902069650005802128650004102186650004402227653002502271942001202296952014502308 c27073d27045ocn755978952OCoLC20190207101517.0111006s2012 caua b 001 0 eng d7 a0159524232Uk a9781849205924 a1849205922 a9781849205931 a1849205930 a(OCoLC)ocn755978952 a(OCoLC)755978952 aYDXCPbengcYDXCPdUKMGBdCDXdYDXdXIIdFERdBWXdCUDdOCLCQdOCLCFdNAMdOCLCQdIQUdCHVBKdOCLCOdOCLCQdEG-ScBUE04a300.72223bSCH1 aSchreier, Margrit.10aQualitative content analysis in practice /cMargrit Schreier. aNew york:bSAGE;c2012. aviii, 272 pages :billustrations ;c25 cm atextbtxt2rdacontent aunmediatedbn2rdamedia avolumebnc2rdacarrier aIncludes bibliographical references (pages 260-268) and index.0 aIntroduction : what is qualitative content analysis? -- What is qualitative about qualitative content analysis? -- Will qualitative content analysis work for me? : decision aids -- The coding frame -- Building a coding frame -- Strategies for building a data-driven coding frame -- Segmentation and units of coding -- Trying it out : the pilot phase -- What to keep in mind : evaluating your coding frame -- The main analysis phase -- How to present your results -- Using software in doing qualitative content analysis. aThis book takes students step-by-step through the process of doing qualitative content analysis. Margrit Schreier show how to: create a coding frame; segment the material; try out the coding frame; evaluate the trial coding and then carry out the main coding; and consider what comes next. She also discusses software choices for doing qualitative content analysis. Each part of the process is described in detail and research examples are provided to illustrate each step. Frequently asked questions are answered, the most important points are summarized, and end of chapter questions provide an opportunity to check for understanding.--Publisher website. 7aSocial sciencesxResearchxMethodology.2BUEsh 7aQualitative research.2BUEsh 7aQualitative research.2BUEsh0(OCoLC)fst01084940 7aSocial sciencesxResearchxMethodology.2BUEsh0(OCoLC)fst01122961 7aQualitative Sozialforschung.0(DE-588)4395695-62BUEsh 7aQualitative Inhaltsanalyse.0(DE-588)4248861-82BUEsh 7aCodierung.0(DE-588)4070059-82BUEsh 7aMethodologie.0(DE-588)4139716-22BUEsh bBUSADMcFebruary2019 2ddccBB 00102ddc40708BaccahaMAINbMAINc1STd2019-02-03ePurchaseg310.00h21201l0o300.72 SCHp000044127r2025-07-15 00:00:00w2019-02-03yBB